| 000 | 01192ny a22002893n 4500 | ||
|---|---|---|---|
| 005 | 20240305165322.0 | ||
| 008 | 060427s2006 sp 000 0 spa d | ||
| 017 | _aD.L.M1716-06 | ||
| 020 | _a9788434016224 | ||
| 020 | _a9788434016224 | ||
| 035 | _a1801 | ||
| 040 |
_aUCAR _dvLex |
||
| 080 | _a343.62-055.2 | ||
| 090 |
_c863 _d863 |
||
| 100 | 1 | _aGonzález Pillado, Esther | |
| 245 | 1 | 0 |
_aViolencia de género _h[Recurso electrónico] _cEsther González Pillado, M{487} Dolores Fernández Fustes |
| 256 | _aServicio en línea | ||
| 260 |
_aMadrid : _bBoletín Oficial del Estado, _c2006 |
||
| 300 |
_a131 p. ; _c20 cm |
||
| 506 | 1 |
_aContenido solo disponible en los productos indicados _dvLex Global _dvLex Global (Academic Edition, excluding Law Schools) _dvLex Global (U.S. Academic Edition, Law Schools) _dvLex Global (U.S. Academic Edition, excluding Law Schools) _dvLex Global (Academic Edition, Law Schools) |
|
| 650 | 0 | 7 |
_2Tesauro vLex _aViolencia de género |
| 650 | 0 | 7 |
_2Tesauro vLex _aSeguridad social |
| 700 | 1 |
_aFernández Fustes, María Dolores, _ecoaut. |
|
| 740 | 0 | _avLex Libros (Servicios en línea) | |
| 856 | 4 | 0 | _uhttps://app.vlex.com/#/sources/1801 |
| 942 | _cRAA | ||
| 999 |
_c159376 _d159376 |
||